Statistics for NBA 2018-19 October Starters

Click here to take the quiz!

General Stats

  • This quiz has been taken 70 times
  • The average score is 113 of 197

Answer Stats

Player Team Starts % Correct
Ben Simmons76ers7
98%
Joel Embiid76ers8
98%
Robert Covington76ers8
86%
Tobias HarrisClippers7
86%
Joe HarrisNets8
86%
Gary HarrisNuggets7
86%
Kemba WalkerHornets8
83%
LeBron JamesLakers8
83%
Giannis AntetokounmpoBucks6
83%
DeMar DeRozanSpurs7
83%
Jimmy ButlerTimberwolves6
83%
Klay ThompsonWarriors9
83%
Kawhi LeonardRaptors6
81%
Danny GreenRaptors8
81%
Thaddeus YoungPacers8
81%
Stephen CurryWarriors9
81%
Kevin DurantWarriors9
81%
Draymond GreenWarriors9
81%
Goran DragicHeat7
81%
Trae YoungHawks7
81%
JaMychal GreenGrizzlies2
81%
Jeff GreenWizards1
81%
Eric BledsoeBucks7
81%
Dario Saric76ers8
81%
Dennis Smith Jr.Mavericks7
79%
Khris MiddletonBucks7
79%
Kyle LowryRaptors8
79%
Tristan ThompsonCavaliers7
79%
Nikola JokicNuggets7
79%
Marc GasolGrizzlies6
79%
Dorian Finney-SmithMavericks4
79%
Karl-Anthony TownsTimberwolves8
79%
Jason SmithWizards1
79%
Kyrie IrvingCeltics7
79%
John WallWizards7
79%
Anthony DavisPelicans5
76%
Josh JacksonSuns3
76%
Reggie JacksonPistons7
76%
Myles TurnerPacers8
76%
Rudy GobertJazz7
76%
Justin JacksonKings2
76%
James HardenRockets4
76%
Rajon RondoLakers2
76%
Victor OladipoPacers8
76%
Hassan WhitesideHeat7
76%
Brook LopezBucks7
76%
Patrick BeverleyClippers7
76%
Devin BookerSuns4
76%
Paul GeorgeThunder6
76%
Russell WestbrookThunder4
76%
Lonzo BallLakers6
76%
Jaren Jackson Jr.Grizzlies4
76%
D'Angelo RussellNets8
76%
Mike ConleyGrizzlies6
74%
Jrue HolidayPelicans7
74%
Bruce BrownPistons1
74%
Donovan MitchellJazz7
74%
Kevin LoveCavaliers4
74%
JaVale McGeeLakers8
74%
Al HorfordCeltics7
74%
Jonas ValanciunasRaptors3
74%
Jamal MurrayNuggets7
74%
Chris PaulRockets4
74%
Justin HolidayBulls8
74%
Jaylen BrownCeltics7
74%
LaMarcus AldridgeSpurs7
74%
De'Aaron FoxKings8
74%
Bradley BealWizards7
74%
Nikola VucevicMagic7
71%
Eric GordonRockets4
71%
Aaron GordonMagic7
71%
Malcolm BrogdonBucks7
71%
Jayson TatumCeltics7
71%
C.J. McCollumTrail Blazers7
71%
Blake GriffinPistons7
71%
Damian LillardTrail Blazers7
71%
Steven AdamsThunder5
71%
Ricky RubioJazz7
71%
Andrew WigginsTimberwolves5
69%
Zach LaVineBulls8
69%
Otto Porter Jr.Wizards7
69%
DeAndre JordanMavericks8
69%
Andre DrummondPistons7
69%
Jeff TeagueTimberwolves7
67%
Michael Carter-WilliamsRockets1
67%
Jarrett AllenNets8
67%
Clint CapelaRockets6
67%
Jusuf NurkicTrail Blazers7
67%
Luka DoncicMavericks8
67%
Paul MillsapNuggets7
67%
Marvin WilliamsHornets8
67%
Brandon IngramLakers4
67%
Kyle KuzmaLakers6
67%
Enes KanterKnicks5
67%
Marcin GortatClippers7
67%
Gordon HaywardCeltics6
64%
Stanley JohnsonPistons6
64%
Joe InglesJazz7
64%
Evan FournierMagic7
64%
Serge IbakaRaptors5
62%
Nicolas BatumHornets8
62%
DeAndre AytonSuns7
62%
Carmelo AnthonyRockets2
62%
Markelle Fultz76ers8
62%
Elfrid PaytonPelicans5
60%
Buddy HieldKings8
60%
Nikola MiroticPelicans7
60%
Bojan BogdanovicPacers8
60%
Kentavious Caldwell-PopeLakers3
60%
Markieff MorrisWizards6
60%
Josh RichardsonHeat7
60%
Derrick FavorsJazz6
60%
Willie Cauley-SteinKings8
57%
Trevor ArizaSuns7
57%
Rudy GaySpurs6
57%
Jabari ParkerBulls1
57%
Darren CollisonPacers8
55%
Derrick Jones Jr.Heat3
55%
Wendell Carter Jr.Bulls8
55%
Vince CarterHawks7
55%
Jerami GrantThunder3
55%
Julius RandlePelicans1
55%
Derrick RoseTimberwolves1
55%
Pascal SiakamRaptors7
55%
Avery BradleyClippers7
55%
Damian JonesWarriors9
55%
D.J. AugustinMagic7
55%
Kris DunnBulls1
52%
George HillCavaliers7
52%
P.J. TuckerRockets6
52%
Solomon HillPelicans1
52%
Kent BazemoreHawks7
50%
Josh HartLakers3
50%
Caris LeVertNets8
50%
Bobby PortisBulls4
50%
Al-Farouq AminuTrail Blazers7
50%
Alex LenHawks7
48%
Cody ZellerHornets8
48%
Dennis SchroderThunder2
48%
Tim Hardaway Jr.Knicks8
48%
Ryan AndersonSuns6
45%
Will BartonNuggets2
45%
Jeremy LambHornets8
45%
Kyle AndersonGrizzlies3
45%
Rodney HoodCavaliers7
45%
Taj GibsonTimberwolves8
43%
Harrison BarnesMavericks4
43%
Danilo GallinariClippers7
43%
Wesley MatthewsMavericks8
43%
Terrance FergusonThunder6
43%
Aron BaynesCeltics1
43%
Cedi OsmanCavaliers7
43%
Lance ThomasKnicks5
40%
Taurean PrinceHawks7
40%
James EnnisRockets3
38%
T.J. WarrenSuns1
36%
Kelly OlynykHeat4
36%
Jakob PoeltlSpurs3
36%
E'Twaun MoorePelicans7
36%
Trey BurkeKnicks5
33%
Jonathan IsaacMagic7
31%
Yogi FerrellKings2
31%
Frank NtilikinaKnicks8
31%
OG AnunobyRaptors1
31%
Mitchell RobinsonKnicks3
31%
Patrick PattersonThunder3
31%
Ersan IlyasovaBucks1
29%
Jae CrowderJazz1
29%
Jake LaymanTrail Blazers7
29%
Nerlens NoelThunder1
29%
Reggie BullockPistons6
26%
Bryn ForbesSpurs7
26%
Chandler ParsonsGrizzlies3
26%
Luke KennardPistons1
26%
Norman PowellRaptors2
24%
Davis BertansSpurs1
24%
Isaiah CanaanSuns6
24%
Tim FrazierPelicans1
21%
Nemanja BjelicaKings8
21%
Ian MahinmiWizards6
21%
Garrett TempleGrizzlies6
21%
Rodney McGruderHeat7
21%
Jahlil OkaforPelicans1
19%
Landry Shamet76ers1
17%
Channing FryeCavaliers1
14%
Dante CunninghamSpurs4
14%
Cameron PayneBulls7
14%
Noah VonlehKnicks3
14%
Elie OkoboSuns1
12%
Torrey CraigNuggets5
12%
Josh OkogieTimberwolves5
12%
Sam DekkerCavaliers2
12%
Iman ShumpertKings4
10%
Damyean DotsonKnicks3
10%
Jared DudleyNets8
10%
Jalen BrunsonMavericks1
10%
Chandler HutchisonBulls3
5%

Score Distribution

Percentile by Number Answered

Percent of People with Each Score

Your Score History

You have not taken this quiz